READINGS IN ORGANIZATIONAL BEHAVIOR AND HUMAN PERFORMANCE (Record no. 474901)

MARC details
000 -LEADER
fixed length control field 00853nam a2200217Ia 4500
008 - FIXED-LENGTH DATA ELEMENTS--GENERAL INFORMATION
fixed length control field 100315s9999 xx 000 0 und d
020 ## - INTERNATIONAL STANDARD BOOK NUMBER
International Standard Book Number 0-256-01398-5 
082 ## - DEWEY DECIMAL CLASSIFICATION NUMBER
Item number 166 
Classification number 658.4 
100 ## - MAIN ENTRY--PERSONAL NAME
Personal name "Scott, W.E., Cummings, L.L. "
245 ## - TITLE STATEMENT
Title READINGS IN ORGANIZATIONAL BEHAVIOR AND HUMAN PERFORMANCE
260 ## - PUBLICATION, DISTRIBUTION, ETC. (IMPRINT)
Place of publication, distribution, etc Homewood 
Name of publisher, distributor, etc RICHARD D.IRWIN  
Date of publication, distribution, etc 1973 
300 ## - PHYSICAL DESCRIPTION
Extent "XII,611P  "
365 ## - TRADE PRICE
Price note Rupees 
Unit of pricing
Price amount 0.00 
366 ## - TRADE AVAILABILITY INFORMATION
Publishers' discount category
505 ## - FORMATTED CONTENTS NOTE
Miscellaneous information Tushar Jadhav 
530 ## - ADDITIONAL PHYSICAL FORM AVAILABLE NOTE
Availability source -  
620 ## -
-- "Theoretical & Empirical Foundations of Organizational Behavior & Human Performance, Structural & Environmental Determinants of Behavior in Organization, Behavioral Direction "
630 ## - SUBJECT ADDED ENTRY--UNIFORM TITLE
Uniform title READINGS IN ORGANIZATIONAL BEHAVIOR AND HUMAN PERFORMANCE
730 ## - ADDED ENTRY--UNIFORM TITLE
Uniform title READINGS IN ORGANIZATIONAL BEHAVIOR AND HUMAN PERFORMANCE
942 ## - ADDED ENTRY ELEMENTS (KOHA)
Koha item type Book
Holdings
Withdrawn status Lost status Damaged status Not for loan Home library Current library Date acquired Cost, normal purchase price Total Checkouts Full call number Barcode Date last seen Price effective from Koha item type
        Dr. V. N. Bedekar Institute of Management Studies Library Dr. V. N. Bedekar Institute of Management Studies Library 12/05/2005 0.00   658.4 /SCO/CUM  166  VPMBRIMS-166  03/19/2010 03/19/2010 Book